| 000 | 00623nam a2200181Ia 4500 | ||
|---|---|---|---|
| 008 | 190427s9999 xx 000 0 und d | ||
| 100 | _aGardiber, Adrian | ||
| 245 | _aSkill Requirements in big data: A content analysis of job advertisement/ | ||
| 245 | _cAdrian Gardiber, Cheryl Aasheim, Paige Rutner and Susan Williams.-- | ||
| 260 | _bTaylor and Francis Group | ||
| 260 | _c2018 | ||
| 300 | _apages 374-384, 2018 | ||
| 440 |
_aJournal of Computer Inforamation System _v58(4) |
||
| 650 | _aBig Data | ||
| 650 | _aBig Data Discipline | ||
| 650 | _aConsensus pile-sort method | ||
| 650 | _aSkills Conceptual model | ||
| 999 |
_c361743 _d361743 |
||